000
00298nam a22001457a 4500
008
221024b ||||| |||| 00| 0 eng d
020
_a
9781565639270
041
_a
eng
080
_a
7
082
_a
7GOR
100
_a
21.2
101
_a
ART
245
_a
SCRIPTURE
_c
GORMAN M
942
_2
udc
_c
BK
999
_c
58649
_d
58649